Diseases of Ear, Nose and Throat : Head and Neck Surgery / (Record no. 33542)

MARC details
000 -LEADER
fixed length control field 00493nam a22001817a 4500
005 - DATE AND TIME OF LATEST TRANSACTION
control field 20240726091400.0
008 - FIXED-LENGTH DATA ELEMENTS--GENERAL INFORMATION
fixed length control field 230913b |||||||| |||| 00| 0 eng d
020 ## - INTERNATIONAL STANDARD BOOK NUMBER
ISBN 9788131234310
082 ## - DEWEY DECIMAL CLASSIFICATION NUMBER
Classification number 617.51
Item number DHI-D
100 ## - MAIN ENTRY--AUTHOR
Author Name Dhingra,PL
245 ## - TITLE STATEMENT
Title Diseases of Ear, Nose and Throat : Head and Neck Surgery /
Statement of responsibility, etc. Dhingra,PL
250 ## - EDITION STATEMENT
Edition statement 6th.ed
260 ## - PUBLICATION, DISTRIBUTION, ETC.
Place of Publication India
Name of publisher, distributor, etc. Elsevier
Date of publication, distribution, etc. 2014
300 ## - PHYSICAL DESCRIPTION
Pages 476p.
500 ## - GENERAL NOTE
General note Include Index .
650 ## - SUBJECT ADDED ENTRY--TOPICAL TERM
Subject / Department Medical / ENT
300 ## - PHYSICAL DESCRIPTION
-- ill;
-- 27 cm.
952 ## - LOCATION AND ITEM INFORMATION (KOHA)
-- 0
-- 0
Holdings
Lost status Damaged status Permanent Location Current Location Shelving Location Date acquired Full Call Number Accession No./Barcode Date last seen item type
    Superior Information Resource Center (SIRC) Superior University- Main Campus Superior Information Resource Center (SIRC) Superior University- Main Campus Medical 09/13/2023 617.51 DHI-D 2014 20427 09/13/2023 BOOK

Powered by Koha